| 000 | 00696nam a2200193 a 4500 | ||
|---|---|---|---|
| 001 | 000005564 | ||
| 005 | 20200929151720.0 | ||
| 008 | 090820s1983 es a 001 spa d | ||
| 020 | _a8400055527 | ||
| 040 | _aDO-SdBNP | ||
| 082 |
_axxx _bL557l |
||
| 100 | 1 |
_aLemosín Martal, Rogelio _915720 |
|
| 245 | 1 | 3 |
_aEl libro de Ester y el Irán antiguo : _bestudio filológico-derásico de vocablos arameoelamitas pers / _cRogelio Lemosín Martal. |
| 260 |
_aMadrid, : _bConsejo Superior de Investigaciones Científicas, Instituto Francisco Suarez, _c1983. |
||
| 300 |
_a215 p. : _bil ; _c24 cm. |
||
| 440 | 0 |
_aBibliotheca Hispana Biblica _915721 |
|
| 500 | _aIncluye tabla de contenido | ||
| 049 | _aBNPD | ||
| 999 |
_c5363 _d5363 |
||